000 01707cam a2200397 a 4500
001 EDZ0000019046
003 StDuBDS
005 20161031105214.0
006 m||||||||d||||||||
007 cr |||||||||||
008 110107s2008 caua fo 001|0|eng|d
020 _a9781412963909 (ebook) :
_cNo price
040 _aStDuBDS
_beng
_cStDuBDS
_epn
049 _aAlfaisal Main Library
050 4 _aH62
082 0 4 _a001.42
_222
245 0 4 _aThe Sage encyclopedia of qualitative research methods
_h[electronic resource] /
_cLisa M. Given, editor.
246 3 0 _aQualitative research methods
260 _aLos Angeles, [Calif.] ;
_aLondon :
_bSAGE,
_c2008.
300 _a1 online resource (2 v. (xxxii, 1014 p.)) :
_bill.
500 _a"A SAGE reference publication".
520 8 _aThe contributors to this text present state-of-the-art information and ready-to-use techniques, facts, and examples from the field of qualitative research methods in a non-intimidating and accessible style.
521 _aSpecialized.
588 _aDescription based on print version record.
504 _aIncludes bibliographical references and index.
650 0 _aSocial sciences
_xResearch
_xMethodology
_vEncyclopedias.
650 0 _aSocial sciences
_xMethodology
_vEncyclopedias.
650 0 _aQualitative research
_vEncyclopedias.
655 7 _aElectronic books.
_2local
700 1 _aGiven, Lisa M.
710 2 _aSage eBooks
776 0 8 _iPrint version :
_z9781412941631
856 4 0 _3SAGE research methods
_uhttp://methods.sagepub.com/reference/sage-encyc-qualitative-research-methods
856 4 0 _uhttp://ezproxy.alfaisal.edu/login?url=http://sk.sagepub.com/reference/research
942 _2lcc
_cEBOOKS
999 _c481667
_d481667